1204 1800 1955 1639 1191 1849 1840 1484 1568 1473 1031 1128 1576 1559 1012 1857 1020 1238 1580 1814 1448 1992 1097 1003 1834 1481 1199 1868 1032 1839 1006 1261 1351 1001 1378 1702 1479 1114 1168 1240 1595 1868 1329 1569 1162 1407 1102 1196 1169 1383 1014 1373 1777 1068 1605 1948 1030 1995 1550 1723 1972 1881 1800 1526 1275 1515 1995 1783 1375 1717 1160 1180 1478 1551 1739 1740 1404 1783 1698 1171 1218 1262 1576 1984 1896 1932 1363 1246 1287 1869 1071 1735 1229 1678 1827 1900 1537 1256 1207 BCNSPRNW ULIB Ver.6.0+V

เปลี่ยนเป็นภาษาไทย

Change to English
 แสดงรายละเอียดบรรณานุกรม
  กลับหน้าหลัก

Brief Record : Get Marc (ISO 2709) : E-mail record : QR code < ปิดหน้าต่าง
LEADER : 00000nam 2200000uu 4500
001    13399112543
003     ULIB
008    110823s2553||||th 000 0 tha d
020    9786167081373
090    นว.^bม164ก 2553
100 0  มนัส
245 00 กลรักมายาใจ/^cมนัส
250    พิมพ์ครั้งที่ 1
260    กรุงเทพฯ :^bSMART BOOK,^c2553
300    203 หน้า
710 1  SMART BOOK
945    ^p150^l0^i17068
995    กัณชพร
999     ^aใช้งานได้ทุกระบบ
รายการนี้ยังไม่มีแท็ก
คุณยังไม่ได้ล็อกอิน คุณสามารถมีกิจกรรมร่วมกับเว็บไซต์ได้ แต่ต้องล็อกอินก่อน ::
  ล็อกอิน

รายการสื่อสารสนเทศ

ลำดับที่ ประเภท เลขเรียก/บาร์โค้ด สถานที่ สถานะ
1. นวนิยาย
นวนิยาย
นว. ม164ก 2553  
  Barcode: 17068
ห้องสมุดวิทยาเขตสวรรค์ประชารักษ์
►นวนิยาย
บนชั้น
  ขอยืม

รายการใกล้เคียง
    ผู้แต่ง [มนัส]

BibComment


ยังไม่เคยถูกคอมเมนท์

คอมเมนท์ทรัพยากรรายการนี้
  คอมเมนท์: กลรักมายาใจ มนัส


 Copyright 2026. Bcnsprnw @Library